00711 2200229 4500001002100000005001700021008004100038035002500079040001200104082001200116084001700128100002600145245010000171260005800271300003300329500002600362504002600388650002000414700001700434850001200451990001800463INLIS00000000001051920150819092804.0  a0010-081500000001957 aYOPDYOG 223a670 aSK 670 Mul L aMUHARAM Sunu Putranto aLaporan kerja praktek pada PT. Industri sandang nusantara unit Cilacapc/ Muharam Sunu Putranto aYogyakartabSekolah Tinggi Teknologi Adisuciptoc2005 aviii, 45 lembar.c; 29,5 cm. aLaporan Kerja Praktek aBibliografi : hlm. 45 aTeknik Industri aRIANI Nurdin aYOPDYOG a48483-PD/A.15